Sports Quiz

Random Sports Quiz

Handball-Bundesliga Torschützenkönige Quiz Stats

 Plays Quiz not verified by Sporcle

Challenge
Share
Tweet
Embed
Score 0/32 Timer 05:00
0 Plays Today
Jahr/Year Spieler/Player % Correct
2003Lars Christiansen
77.9%
2005Lars Christiansen
77.9%
1997Kjung-Shin Yoon
65.6%
1999Kjung-Shin Yoon
65.6%
2000Kjung-Shin Yoon
65.6%
2001Kjung-Shin Yoon
65.6%
2002Kjung-Shin Yoon
65.6%
2004Kjung-Shin Yoon
65.6%
2007Kjung-Shin Yoon
65.6%
2006Gudjon Valur Sigurdsson
35.2%
2009Savas Karipidis
23.8%
1996Martin Schwalb
23%
1991Jochen Fraatz
21.3%
1992Jochen Fraatz
21.3%
1982Erhard Wunderlich
19.7%
1983Erhard Wunderlich
19.7%
Jahr/Year Spieler/Player % Correct
2008Konrad Wilczynski
18.9%
1986Jerzy Klempel
15.6%
1987Jerzy Klempel
15.6%
1988Jerzy Klempel
15.6%
1990Andreas Dörhöfer
13.1%
1993Andreas Dörhöfer
13.1%
1998Stephane Stoecklin
13.1%
1979Arno Ehret
12.3%
1981Arno Ehret
12.3%
1989Zbignew Tluczynski
12.3%
1980Predrag Timko
11.5%
1985Sigurdur Sveinsson
10.7%
1995Marek Kordowiecki
10.7%
1978Djordje Lavrnic
9.8%
1984Zdravko Miljak
9.8%
1994Peter Gerfen
9.8%

You're not logged in!

Compare scores with friends on all Sporcle quizzes.
Join for Free
OR
Log In

You Might Also Like...

Show Comments

Extras

Top Quizzes Today


Score Distribution

Your Account Isn't Verified!

In order to create a playlist on Sporcle, you need to verify the email address you used during registration. Go to your Sporcle Settings to finish the process.

Report this User

Report this user for behavior that violates our Community Guidelines.

Details: